00319nam a2200121 a 4500008004100000050001600041100002000057245005900077250001100136260002600147300001500173350000900188120416s1952 ||||||||||||||||| || u aHG 1572 Bar aBarker, H. A. F14aThe principles and practice of banking in South Africa a3rd ed aCape TownbJutac1952 a[8], 549p. a0.00